[Event "Vesterhav"]
[Site "Esbjerg"]
[Date "2008.07.12"]
[Round "2"]
[White "Hagen, Andreas Skytte"]
[Black "Johansen, Johnny Holler"]
[Result "1-0"]
[WhiteElo "2288"]
[BlackElo "2029"]
[PlyCount "51"]
[EventDate "2008.07.11"]
[EventType "swiss"]
[EventRounds "10"]
[EventCountry "DEN"]
[Source "ChessBase"]
[SourceDate "2008.09.01"]

1. Nf3 Nf6 2. c4 e6 3. g3 d5 4. Bg2 c6 5. d4 Nbd7 6. O-O Be7 7. Qc2 O-O 8. Nbd2
c5 9. e4 dxe4 10. Nxe4 Nxe4 11. Qxe4 Nf6 12. Qe5 Bd6 13. Qe2 Qc7 14. dxc5 Qxc5
15. Be3 Qc7 16. Rfd1 e5 17. c5 Be7 18. h3 h6 19. b4 Be6 20. Bd2 Nd7 21. Bc3 Bf6
22. Nd2 Rad8 23. Ne4 Be7 24. Nd6 b6 25. Nb5 Qb8 26. c6 1-0

[Event "Vesterhav"]
[Site "Esbjerg"]
[Date "2008.07.12"]
[Round "2"]
[White "Hansen, Ib Lynaes"]
[Black "Madsen, Tobias Juul"]
[Result "1-0"]
[WhiteElo "1926"]
[BlackElo "1608"]
[PlyCount "77"]
[EventDate "2008.07.11"]
[EventType "swiss"]
[EventRounds "10"]
[EventCountry "DEN"]
[Source "ChessBase"]
[SourceDate "2008.09.01"]

1. e4 e5 2. Nf3 Nc6 3. Bb5 Nf6 4. d3 d6 5. h3 Be7 6. Nc3 O-O 7. O-O Ne8 8. Nh2
Be6 9. Ne2 f5 10. exf5 Bxf5 11. c3 Bh4 12. Ng3 Be6 13. Nf3 Be7 14. Qe2 Nf6 15.
d4 e4 16. Nxe4 Nxe4 17. Qxe4 Bf5 18. Qe2 h6 19. d5 Ne5 20. Nxe5 dxe5 21. Qxe5
Bd6 22. Qd4 Qe7 23. Be3 Rf6 24. Rae1 Qf7 25. Bd3 Bd7 26. c4 Qh5 27. Be2 Qg6 28.
Bg4 Be8 29. Be6+ Kh8 30. Qg4 Qh7 31. f4 h5 32. Qe2 Bg6 33. c5 Bd3 34. Qd2 Bxf1
35. cxd6 Bxg2 36. Kxg2 Qe4+ 37. Kh2 cxd6 38. f5 Qa4 39. Bd4 1-0

[Event "Vesterhav"]
[Site "Esbjerg"]
[Date "2008.07.12"]
[Round "2"]
[White "Hasbo, Mikkel"]
[Black "Marshall, Michael"]
[Result "1-0"]
[WhiteElo "1485"]
[BlackElo "1917"]
[PlyCount "49"]
[EventDate "2008.07.11"]
[EventType "swiss"]
[EventRounds "10"]
[EventCountry "DEN"]
[Source "ChessBase"]
[SourceDate "2008.09.01"]

1. e4 c5 2. f4 Nc6 3. Nf3 e6 4. Bb5 Nd4 5. Bc4 Qc7 6. d3 b5 7. Bb3 Nxb3 8. axb3
Nf6 9. O-O Bb7 10. Re1 Be7 11. Bd2 O-O 12. Ng5 d6 13. e5 Nd7 14. Qg4 Bxg5 15.
Qxg5 dxe5 16. fxe5 Qc6 17. Qg3 Kh8 18. Nc3 f5 19. Re2 Nb6 20. Rf1 Rad8 21. Rf4
Rf7 22. Rh4 Nd7 23. Bf4 Rg8 24. Rxh7+ Kxh7 25. Qh4+ 1-0

[Event "Vesterhav"]
[Site "Esbjerg"]
[Date "2008.07.12"]
[Round "2"]
[White "Hoiberg, Nina"]
[Black "Mortensen, Henrik"]
[Result "1-0"]
[WhiteElo "2211"]
[BlackElo "2019"]
[PlyCount "63"]
[EventDate "2008.07.11"]
[EventType "swiss"]
[EventRounds "10"]
[EventCountry "DEN"]
[Source "ChessBase"]
[SourceDate "2008.09.01"]

1. e4 d5 2. exd5 Qxd5 3. Nc3 Qd6 4. d4 Nf6 5. Bd3 c6 6. Nge2 Bg4 7. f3 Bh5 8.
Bf4 Qd8 9. Qd2 e6 10. O-O-O Bb4 11. a3 Be7 12. Ng3 Bg6 13. Nge4 Na6 14. Nxf6+
gxf6 15. Bxa6 bxa6 16. Ne4 Qd5 17. Rhe1 O-O 18. h4 Rfd8 19. Kb1 Qb5 20. Qc3
Rac8 21. g4 c5 22. d5 Bxe4 23. fxe4 e5 24. Bc1 c4 25. g5 f5 26. exf5 Rxd5 27.
Rxd5 Qxd5 28. Qxe5 Qxe5 29. Rxe5 Bd6 30. Rd5 Bg3 31. h5 Re8 32. f6 1-0

[Event "Vesterhav"]
[Site "Esbjerg"]
[Date "2008.07.12"]
[Round "2"]
[White "Husted, Peter"]
[Black "Rasmussen, Karsten"]
[Result "1/2-1/2"]
[WhiteElo "2149"]
[BlackElo "2458"]
[PlyCount "95"]
[EventDate "2008.07.11"]
[EventType "swiss"]
[EventRounds "10"]
[EventCountry "DEN"]
[Source "ChessBase"]
[SourceDate "2008.09.01"]

1. e4 c5 2. Nf3 g6 3. c3 d5 4. exd5 Qxd5 5. d4 Bg7 6. Be2 cxd4 7. cxd4 Nh6 8.
Nc3 Qa5 9. O-O O-O 10. Qb3 Nf5 11. Rd1 Nc6 12. d5 Ncd4 13. Nxd4 Nxd4 14. Qc4 b5
15. Qc5 Nxe2+ 16. Nxe2 Bg4 17. f3 Rac8 18. Qe3 Bf5 19. Nd4 Rfe8 20. Nxf5 gxf5
21. Qg5 Rc2 22. Be3 Qa6 23. Rac1 Rxc1 24. Rxc1 Qg6 25. b3 Qxg5 26. Bxg5 Bd4+
27. Kf1 f6 28. Bh4 Rd8 29. Rc7 Kf7 30. Bf2 Bxf2 31. Kxf2 Rxd5 32. Rxa7 Rd2+ 33.
Kg3 f4+ 34. Kh3 f5 35. g3 Rf2 36. Ra5 Rxf3 37. Kg2 Rd3 38. gxf4 Rd2+ 39. Kg3
Rd3+ 40. Kh4 Kf6 41. Rxb5 Rd2 42. a4 Rxh2+ 43. Kg3 Rd2 44. a5 Rd3+ 45. Kh4 Rd4
46. Kg3 Rd3+ 47. Kh4 Rd4 48. Kg3 1/2-1/2

[Event "Vesterhav"]
[Site "Esbjerg"]
[Date "2008.07.12"]
[Round "2"]
[White "Iljushin, Alexei"]
[Black "Andersen, Mads"]
[Result "1-0"]
[WhiteElo "2546"]
[BlackElo "2092"]
[PlyCount "63"]
[EventDate "2008.07.11"]
[EventType "swiss"]
[EventRounds "10"]
[EventCountry "DEN"]
[Source "ChessBase"]
[SourceDate "2008.09.01"]

1. d4 Nf6 2. c4 g6 3. Nc3 d5 4. Bg5 Ne4 5. Bh4 Nxc3 6. bxc3 dxc4 7. Qa4+ Qd7 8.
Qxc4 b6 9. Nf3 Bg7 10. e3 Ba6 11. Qb3 Bxf1 12. Kxf1 O-O 13. Ke2 c5 14. Rhd1
cxd4 15. cxd4 Nc6 16. Rac1 Rac8 17. Qb5 Qb7 18. Rb1 Rfe8 19. Kf1 Qa8 20. Rbc1
Qb7 21. d5 Ne5 22. Nxe5 Bxe5 23. Rc6 Bd6 24. Bg3 Red8 25. Rdc1 a6 26. Qb3 Rxc6
27. Rxc6 Bxg3 28. hxg3 Rd6 29. Qc4 Rxc6 30. dxc6 Qc7 31. Qd5 h5 32. Kg1 1-0

[Event "Vesterhav"]
[Site "Esbjerg"]
[Date "2008.07.12"]
[Round "2"]
[White "Jacobsen, Mads Holger Bang"]
[Black "Jensen, Torben Richard"]
[Result "1-0"]
[WhiteElo "1831"]
[BlackElo "1968"]
[PlyCount "91"]
[EventDate "2008.07.11"]
[EventType "swiss"]
[EventRounds "10"]
[EventCountry "DEN"]
[Source "ChessBase"]
[SourceDate "2008.09.01"]

1. d4 f5 2. g3 Nf6 3. Bg2 e6 4. c4 d5 5. Nh3 Nc6 6. cxd5 Nxd5 7. e3 Bb4+ 8. Bd2
O-O 9. Bxb4 Ncxb4 10. a3 Na6 11. O-O c6 12. Re1 Nac7 13. Nd2 Nf6 14. Nc4 Qe7
15. Ne5 Nce8 16. Nf4 Nd6 17. Nfd3 Nd7 18. a4 Nxe5 19. Nxe5 Bd7 20. a5 Nf7 21.
Nxf7 Qxf7 22. a6 b6 23. Rc1 Rac8 24. f4 Qe7 25. e4 Qb4 26. d5 cxd5 27. exd5
Rxc1 28. Qxc1 Qd4+ 29. Qe3 Qxe3+ 30. Rxe3 Kf7 31. Kf2 Rc8 32. dxe6+ Bxe6 33.
Bb7 Rc2+ 34. Re2 Rxe2+ 35. Kxe2 Ke7 36. Ke3 Kd6 37. Kd4 Bd7 38. Bd5 h6 39. b4
Bb5 40. Bb7 g6 41. h4 Bc6 42. Bxc6 Kxc6 43. h5 gxh5 44. Ke5 Kb5 45. Kxf5 Kxb4
46. Ke6 1-0

[Event "Vesterhav"]
[Site "Esbjerg"]
[Date "2008.07.12"]
[Round "2"]
[White "Jensen, Leif Haugaard"]
[Black "Andersen, Morten"]
[Result "1/2-1/2"]
[WhiteElo "2010"]
[BlackElo "2185"]
[PlyCount "100"]
[EventDate "2008.07.11"]
[EventType "swiss"]
[EventRounds "10"]
[EventCountry "DEN"]
[Source "ChessBase"]
[SourceDate "2008.09.01"]

1. e4 e5 2. Nc3 Nf6 3. f4 d5 4. fxe5 Nxe4 5. Nf3 Bg4 6. Qe2 Nxc3 7. dxc3 Nc6 8.
Bf4 Qd7 9. O-O-O O-O-O 10. Qf2 Qf5 11. Bg3 Kb8 12. Bd3 Qd7 13. Bb5 a6 14. Bxc6
Qxc6 15. h3 Bc5 16. Qe2 Bh5 17. Bf2 Rhe8 18. Bxc5 Qxc5 19. g4 Bg6 20. Qd2 h6
21. Rhf1 Rd7 22. Rfe1 c6 23. e6 Rc7 24. exf7 Bxf7 25. Ne5 Be6 26. Re2 Rce7 27.
Rde1 Qd6 28. Qf4 Kc7 29. Ng6 Qxf4+ 30. Nxf4 Kd6 31. Kd2 Bf7 32. Rxe7 Rxe7 33.
Rf1 c5 34. Ne2 Bg6 35. Ng3 Kd7 36. Rf2 Re5 37. Ne2 Ke7 38. Nf4 Be4 39. Nh5 g5
40. Ng3 Bg6 41. Nf1 b5 42. Ng3 a5 43. Ne2 Re6 44. a3 Rf6 45. Rxf6 Kxf6 46. b4
axb4 47. cxb4 cxb4 48. axb4 Be4 49. c3 Bg2 50. Ng1 Ke5 1/2-1/2

[Event "Vesterhav"]
[Site "Esbjerg"]
[Date "2008.07.12"]
[Round "2"]
[White "Kallenbach, Uffe"]
[Black "Christensen, Soren Graugaard"]
[Result "1-0"]
[WhiteElo "1591"]
[BlackElo "1905"]
[PlyCount "65"]
[EventDate "2008.07.11"]
[EventType "swiss"]
[EventRounds "10"]
[EventCountry "DEN"]
[Source "ChessBase"]
[SourceDate "2008.09.01"]

1. d4 d5 2. Nf3 Nf6 3. c4 e6 4. Bg5 Be7 5. Nc3 c6 6. e3 Nbd7 7. Bd3 O-O 8. O-O
Ne8 9. Bxe7 Qxe7 10. Rc1 f5 11. cxd5 exd5 12. Qc2 Nd6 13. Nd2 Ne4 14. Rce1 Ndf6
15. f3 Nxd2 16. Qxd2 Be6 17. Ne2 Qd7 18. Nf4 Bf7 19. Qc2 g6 20. Be2 Rfe8 21.
Bd1 Re7 22. Nd3 Qd6 23. Ne5 Be6 24. Qc3 Rc8 25. b4 Nd7 26. Bb3 Rce8 27. a3 Nf8
28. Bc2 Bc8 29. e4 dxe4 30. fxe4 Rd8 31. exf5 Qxd4+ 32. Qxd4 Rxd4 33. Bb3+ 1-0

[Event "Vesterhav"]
[Site "Esbjerg"]
[Date "2008.07.12"]
[Round "2"]
[White "Lauritsen, Martin Lee"]
[Black "Fries Nielsen, Jens Ove"]
[Result "0-1"]
[WhiteElo "2063"]
[BlackElo "2397"]
[PlyCount "94"]
[EventDate "2008.07.11"]
[EventType "swiss"]
[EventRounds "10"]
[EventCountry "DEN"]
[Source "ChessBase"]
[SourceDate "2008.09.01"]

1. e4 g6 2. d4 Bg7 3. Nc3 c6 4. Be3 Qb6 5. Rb1 d6 6. Nf3 Qc7 7. Be2 Nd7 8. O-O
Ngf6 9. h3 e5 10. dxe5 dxe5 11. a4 O-O 12. Qc1 a6 13. Ra1 b6 14. Nd2 Bb7 15.
Nb3 b5 16. Nc5 Nxc5 17. Bxc5 Rfd8 18. Rd1 Rxd1+ 19. Qxd1 Rd8 20. Qe1 Nd7 21.
Be3 Nf8 22. Rd1 Ne6 23. Rxd8+ Qxd8 24. Qd2 Nd4 25. Bd3 Qa5 26. axb5 axb5 27.
Nd1 Qc7 28. c3 Ne6 29. g3 Bf8 30. Qe2 Bc8 31. Kh2 Nf4 32. gxf4 exf4 33. Kg2
fxe3 34. Qxe3 Bd6 35. Qf3 Qe7 36. Ne3 h5 37. Kf1 Qh4 38. Ke1 Qxh3 39. Qf6 Qd7
40. Bc2 Qe7 41. Qf3 Qe6 42. b3 Be5 43. Nd1 h4 44. Qe3 Qf6 45. c4 h3 46. Kf1 Bg4
47. Qd3 h2 0-1

[Event "Vesterhav"]
[Site "Esbjerg"]
[Date "2008.07.12"]
[Round "2"]
[White "Leenhouts, Koen"]
[Black "Kovshoj, Sune"]
[Result "1-0"]
[WhiteElo "2400"]
[BlackElo "2013"]
[PlyCount "73"]
[EventDate "2008.07.11"]
[EventType "swiss"]
[EventRounds "10"]
[EventCountry "DEN"]
[Source "ChessBase"]
[SourceDate "2008.09.01"]

1. e4 c5 2. Nf3 Nc6 3. d4 cxd4 4. Nxd4 Nf6 5. Nc3 g6 6. g3 Bg7 7. Nde2 O-O 8.
Bg2 d6 9. O-O Bd7 10. h3 Rc8 11. Nd5 Nxd5 12. exd5 Ne5 13. a4 Qc7 14. Nd4 Qc5
15. c3 a5 16. Re1 Rfe8 17. Re2 Bf6 18. Be3 Qc4 19. f4 Nd3 20. Rd2 Nc5 21. Qf3
Nb3 22. Nxb3 Qxb3 23. Bf1 Bxc3 24. Bf2 Qb4 25. bxc3 Rxc3 26. Rd3 Rec8 27. Be1
Qb6+ 28. Bf2 Qb4 29. Rxc3 Rxc3 30. Qe2 e6 31. dxe6 fxe6 32. Rd1 Qb3 33. Rxd6
Rxg3+ 34. Bxg3 Qxg3+ 35. Bg2 Bc6 36. Qxe6+ Kg7 37. Qe7+ 1-0

[Event "Vesterhav"]
[Site "Esbjerg"]
[Date "2008.07.12"]
[Round "2"]
[White "Lindestrom, Torsten"]
[Black "Hansen, Erik Hedegaard"]
[Result "1-0"]
[WhiteElo "2259"]
[BlackElo "1818"]
[PlyCount "63"]
[EventDate "2008.07.11"]
[EventType "swiss"]
[EventRounds "10"]
[EventCountry "DEN"]
[Source "ChessBase"]
[SourceDate "2008.09.01"]

1. d4 Nf6 2. Bg5 Ne4 3. Bf4 d5 4. f3 Nd6 5. Nd2 Nc6 6. c3 e6 7. e4 dxe4 8. fxe4
Be7 9. Ngf3 O-O 10. Bd3 f5 11. e5 Nf7 12. h4 Bd7 13. Qc2 a5 14. O-O-O a4 15. g4
Na5 16. gxf5 exf5 17. Bxf5 Bxf5 18. Qxf5 Qd5 19. Qb1 Ra6 20. Ng5 Nxg5 21. Bxg5
Bxg5 22. hxg5 g6 23. Rdf1 a3 24. b3 c5 25. Rxf8+ Kxf8 26. Qe4 Nxb3+ 27. axb3
Qe6 28. Rf1+ Kg8 29. Qxb7 Rc6 30. Rf6 Qh3 31. Qf7+ Kh8 32. Qf8# 1-0

[Event "Vesterhav"]
[Site "Esbjerg"]
[Date "2008.07.12"]
[Round "2"]
[White "Luther, Lasse"]
[Black "Prohl, Frank"]
[Result "1-0"]
[WhiteElo "1912"]
[BlackElo "1226"]
[PlyCount "35"]
[EventDate "2008.07.11"]
[EventType "swiss"]
[EventRounds "10"]
[EventCountry "DEN"]
[Source "ChessBase"]
[SourceDate "2008.09.01"]

1. e4 c5 2. Nc3 e5 3. g3 a6 4. Bg2 Nf6 5. a3 Be7 6. f4 d6 7. Nf3 Bg4 8. h3 Bxf3
9. Qxf3 Nc6 10. Qf2 Nd4 11. O-O Qb6 12. fxe5 dxe5 13. Nd5 Nxd5 14. Qxf7+ Kd7
15. Qxd5+ Qd6 16. Qxb7+ Ke6 17. h4 Nxc2 18. Bh3# 1-0

[Event "Vesterhav"]
[Site "Esbjerg"]
[Date "2008.07.12"]
[Round "2"]
[White "Mortensen, Carl Heinrich"]
[Black "Jensen, John Klaus"]
[Result "1/2-1/2"]
[WhiteElo "1686"]
[BlackElo "1960"]
[PlyCount "46"]
[EventDate "2008.07.11"]
[EventType "swiss"]
[EventRounds "10"]
[EventCountry "DEN"]
[Source "ChessBase"]
[SourceDate "2008.09.01"]

1. e4 d6 2. d4 Nf6 3. Nc3 g6 4. Nf3 Bg7 5. Bg5 c6 6. Qd2 b5 7. Bd3 O-O 8. O-O
Qc7 9. Bh6 Nbd7 10. Bxg7 Kxg7 11. Ne2 a6 12. h3 e5 13. c3 Nb6 14. Nh4 h6 15. f4
exf4 16. Qxf4 Qe7 17. Ng3 Ne8 18. Rae1 Qg5 19. Qxg5 hxg5 20. Nf3 g4 21. hxg4
Bxg4 22. e5 Bxf3 23. Rxf3 Ra7 1/2-1/2

[Event "Vesterhav"]
[Site "Esbjerg"]
[Date "2008.07.12"]
[Round "2"]
[White "Motzkus, Mikkel"]
[Black "Zozulia, Anna"]
[Result "0-1"]
[WhiteElo "1995"]
[BlackElo "2346"]
[PlyCount "86"]
[EventDate "2008.07.11"]
[EventType "swiss"]
[EventRounds "10"]
[EventCountry "DEN"]
[Source "ChessBase"]
[SourceDate "2008.09.01"]

1. d4 g6 2. c4 Bg7 3. Nf3 d6 4. Nc3 e6 5. e4 Nf6 6. Bg5 h6 7. Be3 O-O 8. h3 Nc6
9. Be2 Re8 10. O-O e5 11. d5 Nd4 12. Nxd4 exd4 13. Bxd4 Nxe4 14. Bxg7 Kxg7 15.
Qd4+ Qf6 16. Nb5 Qxd4 17. Nxd4 Bd7 18. Bd3 Nc5 19. Bc2 a5 20. Rfe1 Kf6 21. Re3
Rxe3 22. fxe3 Re8 23. Rf1+ Kg7 24. Kf2 Rb8 25. Rb1 a4 26. b4 axb3 27. axb3 b5
28. cxb5 Bxb5 29. Ra1 Rb7 30. b4 Nd3+ 31. Bxd3 Bxd3 32. Nc6 Be4 33. Ra7 Rxa7
34. Nxa7 Bxd5 35. Nb5 c5 36. bxc5 dxc5 37. Nc3 Bc6 38. e4 Kf6 39. Ke3 Ke5 40.
Kd3 h5 41. g3 g5 42. Ke3 h4 43. g4 c4 0-1

[Event "Vesterhav"]
[Site "Esbjerg"]
[Date "2008.07.12"]
[Round "2"]
[White "Munksgaard, Dennis"]
[Black "Helledie, Anders"]
[Result "0-1"]
[WhiteElo "2022"]
[BlackElo "2223"]
[PlyCount "84"]
[EventDate "2008.07.11"]
[EventType "swiss"]
[EventRounds "10"]
[EventCountry "DEN"]
[Source "ChessBase"]
[SourceDate "2008.09.01"]

1. e4 e6 2. d4 d5 3. exd5 exd5 4. Nf3 Bg4 5. Be2 Bd6 6. Bg5 Ne7 7. Nbd2 f6 8.
Bh4 Ng6 9. O-O Nc6 10. Re1 Nce7 11. Bg3 Nf4 12. Bxf4 Bxf4 13. g3 Bd6 14. Nh4
Bxe2 15. Qxe2 O-O 16. Qe6+ Rf7 17. c4 Bb4 18. Rad1 dxc4 19. Qxc4 Nd5 20. Nf5
Bf8 21. Re4 Nb6 22. Qc2 g6 23. Nh4 f5 24. Re6 Qxd4 25. Ndf3 Qc4 26. Qxc4 Nxc4
27. b3 Nd6 28. Ne5 Re7 29. Rxe7 Bxe7 30. Nhf3 Rd8 31. Kf1 Ne4 32. Rxd8+ Bxd8
33. Nd7 Kf7 34. Nde5+ Ke6 35. Nc4 c6 36. Nfd2 Nc3 37. a4 Kd5 38. f3 b5 39. axb5
cxb5 40. Nb2 Kd4 41. Kf2 Be7 42. f4 Ne4+ 0-1

[Event "Vesterhav"]
[Site "Esbjerg"]
[Date "2008.07.12"]
[Round "2"]
[White "Noe, Lars"]
[Black "Madsen, Egon Rysgaard"]
[Result "1-0"]
[WhiteElo "1936"]
[BlackElo "1677"]
[PlyCount "81"]
[EventDate "2008.07.11"]
[EventType "swiss"]
[EventRounds "10"]
[EventCountry "DEN"]
[Source "ChessBase"]
[SourceDate "2008.09.01"]

1. d4 d5 2. c4 e6 3. Nc3 Nf6 4. Bg5 c6 5. e3 Be7 6. Nf3 Nbd7 7. Rc1 O-O 8. Bd3
Re8 9. O-O dxc4 10. Bxc4 Nd5 11. Bxe7 Qxe7 12. a3 N5b6 13. Ba2 a6 14. Qb3 Nd5
15. Ne2 N7f6 16. Ng3 Bd7 17. Ne5 Rab8 18. f4 Qd6 19. Nc4 Qe7 20. e4 Nc7 21. Qf3
Nb5 22. Ne2 c5 23. Ne5 cxd4 24. g4 Nd6 25. Ng3 Bb5 26. Rfd1 Rbc8 27. Bb3 Red8
28. a4 Be8 29. g5 Nd7 30. Nd3 e5 31. h4 exf4 32. Qxf4 b5 33. e5 Nc4 34. Nf5 Qe6
35. axb5 axb5 36. Nd6 Ndb6 37. Nxc8 Qxc8 38. Nf2 Qd7 39. Rd3 Nxb2 40. Rf3 d3
41. e6 1-0

[Event "Vesterhav"]
[Site "Esbjerg"]
[Date "2008.07.12"]
[Round "2"]
[White "Nordin, Eric"]
[Black "Andreasen, Per"]
[Result "0-1"]
[WhiteElo "1991"]
[BlackElo "1771"]
[PlyCount "118"]
[EventDate "2008.07.11"]
[EventType "swiss"]
[EventRounds "10"]
[EventCountry "DEN"]
[Source "ChessBase"]
[SourceDate "2008.09.01"]

1. e4 c6 2. d4 d5 3. exd5 cxd5 4. c4 Nf6 5. Nc3 Nc6 6. cxd5 Nxd5 7. Bb5 Nxc3 8.
bxc3 Qa5 9. Qb3 a6 10. Bxc6+ bxc6 11. Bd2 Qb5 12. Nf3 Be6 13. Qxb5 axb5 14. O-O
Bc4 15. Rfb1 f6 16. Bf4 g5 17. Bc7 Kd7 18. Bb6 Ra6 19. Bc5 e6 20. Nd2 Bd3 21.
Rd1 Bxc5 22. dxc5 Ke7 23. Nf3 Be2 24. Rd2 Bxf3 25. gxf3 Rd8 26. Rad1 Rxd2 27.
Rxd2 f5 28. h4 h6 29. hxg5 hxg5 30. Kf1 Kf6 31. Ke2 Ra4 32. Kd1 Rc4 33. Kc2
Rxc5 34. Kb3 Rc4 35. Rd3 Ke7 36. Re3 g4 37. fxg4 Rxg4 38. a3 Rf4 39. f3 Rc4 40.
Rd3 Kf6 41. Re3 e5 42. Rd3 e4 43. fxe4 Rxe4 44. Kc2 f4 45. Rd8 Re6 46. Kd3 Kf5
47. Rf8+ Kg4 48. Rg8+ Kf3 49. Rf8 Kg3 50. Rg8+ Kf2 51. Rg4 Re3+ 52. Kd2 f3 53.
Rg6 Re2+ 54. Kd1 Ra2 55. Rxc6 Rxa3 56. Kd2 Ra2+ 57. Kd1 Ke3 58. Re6+ Kd3 59.
Ke1 Re2+ 0-1

[Event "Vesterhav"]
[Site "Esbjerg"]
[Date "2008.07.12"]
[Round "2"]
[White "Oehmichen, Jan"]
[Black "Nielsen, Thomas (1994)"]
[Result "1-0"]
[WhiteElo "1853"]
[BlackElo "1084"]
[PlyCount "121"]
[EventDate "2008.07.11"]
[EventType "swiss"]
[EventRounds "10"]
[EventCountry "DEN"]
[Source "ChessBase"]
[SourceDate "2008.09.01"]

1. c4 c5 2. Nf3 Nf6 3. Nc3 Nc6 4. g3 g6 5. Bg2 Bg7 6. O-O O-O 7. d3 d6 8. e4
Bg4 9. h3 Be6 10. Be3 Re8 11. Nh4 Nh5 12. g4 Nf6 13. f4 Qb6 14. Qd2 Bc8 15. g5
Nh5 16. Nd5 Qd8 17. Kh2 e6 18. Nc3 Nd4 19. Nf3 e5 20. Bxd4 cxd4 21. Nd5 Be6 22.
fxe5 Bxd5 23. cxd5 dxe5 24. Kg1 Nf4 25. Rf2 Rc8 26. Bf1 f6 27. Nxd4 fxg5 28.
Nf3 Qd7 29. Nxg5 Bh6 30. h4 Qg4+ 31. Bg2 Bxg5 32. hxg5 Nh3+ 33. Kh2 Nxf2 34.
Qxf2 Qxg5 35. Qg3 Qd2 36. Qg4 Qxb2 37. Rf1 Rc2 38. d6 Rxg2+ 39. Qxg2 Qxg2+ 40.
Kxg2 Rd8 41. Rc1 Rxd6 42. Rc8+ Kg7 43. Rc7+ Kh6 44. Rxb7 a6 45. Ra7 g5 46. Kf2
Kg6 47. Re7 Kf6 48. Rxh7 g4 49. Rh6+ Ke7 50. Rxd6 Kxd6 51. Kg3 Kc5 52. Kxg4 Kd4
53. Kf5 Kxd3 54. Kxe5 Kc3 55. Kd5 a5 56. e5 a4 57. e6 a3 58. e7 Kb2 59. e8=Q
Kxa2 60. Kc4 Kb1 61. Kb3 1-0

[Event "Vesterhav"]
[Site "Esbjerg"]
[Date "2008.07.12"]
[Round "2"]
[White "Ovsejevitsch, Sergei"]
[Black "Skaanning Pedersen, Kim Henrik"]
[Result "1-0"]
[WhiteElo "2582"]
[BlackElo "2173"]
[PlyCount "59"]
[EventDate "2008.07.11"]
[EventType "swiss"]
[EventRounds "10"]
[EventCountry "DEN"]
[Source "ChessBase"]
[SourceDate "2008.09.01"]

1. d4 Nf6 2. c4 c5 3. d5 b5 4. Nf3 e6 5. Bg5 exd5 6. cxd5 d6 7. e4 a6 8. Qc2
Be7 9. Bf4 O-O 10. Be2 Nbd7 11. O-O Nh5 12. Be3 f5 13. a4 fxe4 14. Nfd2 Nhf6
15. axb5 Nxd5 16. Bc4 N7b6 17. Nc3 Nxc4 18. Nxd5 Nxd2 19. Bxd2 Bf5 20. bxa6 Kh8
21. Bc3 Bg5 22. Qe2 Rf7 23. f3 exf3 24. Rxf3 Bg4 25. Rxf7 Bxe2 26. Rxg7 Bf6 27.
Bxf6 Qxf6 28. Rxh7+ Kxh7 29. Nxf6+ Kg6 30. Ne4 1-0

[Event "Vesterhav"]
[Site "Esbjerg"]
[Date "2008.07.12"]
[Round "2"]
[White "Brondt, Nicolai Kvist"]
[Black "Jensen, Jan Kargaard"]
[Result "1/2-1/2"]
[WhiteElo "1966"]
[BlackElo "1813"]
[PlyCount "84"]
[EventDate "2008.07.11"]
[EventType "swiss"]
[EventRounds "10"]
[EventCountry "DEN"]
[Source "ChessBase"]
[SourceDate "2008.09.01"]

1. d4 Nf6 2. Nf3 e6 3. c4 b6 4. Bg5 Bb7 5. Nc3 Bb4 6. e3 Bxc3+ 7. bxc3 d6 8.
Bd3 Nbd7 9. O-O Qe7 10. a4 h6 11. Bh4 g5 12. Bg3 Ne4 13. a5 O-O 14. Nd2 Nxd2
15. Qxd2 f5 16. f3 Nf6 17. Ra2 Nh5 18. Bf2 e5 19. axb6 axb6 20. Rxa8 Bxa8 21.
Be2 f4 22. c5 bxc5 23. dxc5 Nf6 24. cxd6 cxd6 25. e4 Rd8 26. Rd1 d5 27. exd5 e4
28. d6 e3 29. dxe7 Rxd2 30. Rxd2 exd2 31. Bd4 Ne8 32. Bc4+ Kh7 33. Bd3+ Kg8 34.
Bc4+ Kh7 35. Bb3 Bd5 36. Bc2+ Kg8 37. Kf2 Kf7 38. Ke2 Kxe7 39. Kxd2 Nd6 40. Bg7
h5 41. Bd3 Ke6 42. c4 Nxc4+ 1/2-1/2

[Event "Vesterhav"]
[Site "Esbjerg"]
[Date "2008.07.12"]
[Round "2"]
[White "Pedersen, Torben Phalaris"]
[Black "Sande Caceres, Cipriano"]
[Result "1-0"]
[WhiteElo "1973"]
[BlackElo "1792"]
[PlyCount "107"]
[EventDate "2008.07.11"]
[EventType "swiss"]
[EventRounds "10"]
[EventCountry "DEN"]
[Source "ChessBase"]
[SourceDate "2008.09.01"]

1. e4 c5 2. Nf3 Nc6 3. Nc3 e6 4. g3 Nf6 5. Bg2 Be7 6. O-O O-O 7. d4 cxd4 8.
Nxd4 a6 9. Be3 Nxd4 10. Qxd4 d6 11. h3 Bd7 12. Rad1 Bc6 13. e5 dxe5 14. Qxe5
Qe8 15. Rd4 Bxg2 16. Kxg2 Qc6+ 17. Kh2 Rad8 18. Rfd1 Rxd4 19. Rxd4 Rc8 20. a3
b5 21. Rd3 b4 22. axb4 Bxb4 23. Qd4 Be7 24. Qa7 Bf8 25. Qd4 Qb7 26. Bc1 Qc6 27.
Be3 Qb7 28. Bc1 Be7 29. Kg1 Qc6 30. Be3 Nd5 31. Nxd5 exd5 32. Rc3 Qb7 33. Qa7
Qa8 34. Rxc8+ Qxc8 35. Qxe7 f6 36. Bc5 h6 37. h4 Qf5 38. Qe8+ Kh7 39. Qe2 Qc8
40. Qd3+ f5 41. Qxd5 h5 42. b4 Kg6 43. c4 Qe8 44. Qd6+ Kh7 45. Be3 Qe4 46. Qc5
Qb1+ 47. Kh2 Qc2 48. Bd4 Qe2 49. Qa7 Qg4 50. f3 Qg6 51. Kg2 f4 52. Qxg7+ Qxg7
53. Bxg7 Kxg7 54. g4 1-0

[Event "Vesterhav"]
[Site "Esbjerg"]
[Date "2008.07.12"]
[Round "2"]
[White "Porsgaard, Per Lykke"]
[Black "Voss, Janine"]
[Result "0-1"]
[WhiteElo "1248"]
[BlackElo "1832"]
[PlyCount "58"]
[EventDate "2008.07.11"]
[EventType "swiss"]
[EventRounds "10"]
[EventCountry "DEN"]
[Source "ChessBase"]
[SourceDate "2008.09.01"]

1. d4 Nf6 2. c4 g6 3. Nc3 d5 4. cxd5 Nxd5 5. e4 Nxc3 6. bxc3 Bg7 7. Bc4 c5 8.
Ne2 O-O 9. O-O Nc6 10. Be3 cxd4 11. Nxd4 Na5 12. Bd3 Bd7 13. Bb5 Rc8 14. Bxd7
Qxd7 15. Bd2 Nc4 16. Be1 Rfd8 17. Qb3 Bxd4 18. Rd1 e5 19. cxd4 exd4 20. Bc3 d3
21. Bf6 Re8 22. Rxd3 Qc6 23. Rd4 Rxe4 24. Qf3 Rxd4 25. Qxc6 Rxc6 26. Bxd4 Ra6
27. Re1 f5 28. Re8+ Kf7 29. Rh8 Rd6 0-1

[Event "Vesterhav"]
[Site "Esbjerg"]
[Date "2008.07.12"]
[Round "2"]
[White "Poulsen, Iver"]
[Black "Spirin, Oleg"]
[Result "0-1"]
[WhiteElo "2147"]
[BlackElo "2446"]
[PlyCount "82"]
[EventDate "2008.07.11"]
[EventType "swiss"]
[EventRounds "10"]
[EventCountry "DEN"]
[Source "ChessBase"]
[SourceDate "2008.09.01"]

1. e4 c5 2. Nf3 d6 3. d4 cxd4 4. Nxd4 Nf6 5. Nc3 a6 6. Be3 e6 7. g4 h6 8. f3 b5
9. Qd2 b4 10. Nce2 e5 11. Nb3 a5 12. Rd1 a4 13. Nbc1 Nc6 14. c4 Be6 15. Ng3 g6
16. h4 h5 17. g5 Nd7 18. b3 Nc5 19. Bd3 Qc7 20. Bc2 Be7 21. Nge2 Qb7 22. Kf2
O-O 23. Kg3 axb3 24. axb3 Ra3 25. Rdf1 Na5 26. Bxc5 dxc5 27. Rd1 Qc7 28. Kg2
Rc8 29. Ng3 Bxc4 30. bxc4 Nxc4 31. Qf2 Ne3+ 32. Kh2 Nxd1 33. Rxd1 c4 34. Rd5
Bc5 35. Qd2 Rxf3 36. Nce2 b3 37. Rd7 Qc6 38. Bd1 Rf2+ 39. Kh1 Qe6 40. Rd8+ Kh7
41. Qd7 Rxd8 0-1